000 00226nam a22001097a 4500
003 OSt
008 241211b |||||||| |||| 00| 0 eng d
041 _aeng
100 _aMahajan, T
_96515
245 _aAncient India
942 _cBK
999 _c18445
_d18445